| 000 | 00602cam a22002295a 4500 | ||
|---|---|---|---|
| 001 | L157824 | ||
| 002 | 18908 | ||
| 008 | 130530s2011 xxk f 000 0 eng d | ||
| 020 | _a9781859463918 | ||
| 035 | _a(Sirsi) u157824 | ||
| 041 | 0 | _aeng | |
| 050 | 0 | 4 | _a692.8 |
| 100 | 1 | _aLupton, Sarah | |
| 245 | 0 | 0 | _aGuide to db11 |
| 260 |
_aLondon _bRICS _c2011 |
||
| 350 | _a45.00 | ||
| 520 | _aGuide to JCT Design and Build COntract 2011. The guide points out the changes to the 2011 contract. | ||
| 590 | _aKA | ||
| 650 | 2 | 4 | _aJCT DESIGN AND BUILD CONTRACT |
| 651 | 4 | _aENGLAND AND WALES | |
| 942 | _n0 | ||
| 999 |
_c114987 _d114987 |
||